Manuel de recherche en sciences sociales (Record no. 29582)
[ view plain ]
| 000 -LEADER | |
|---|---|
| fixed length control field | 00726 a2200241 4500 |
| 005 - DATE AND TIME OF LATEST TRANSACTION | |
| control field | 20160609152834.0 |
| 008 - FIXED-LENGTH DATA ELEMENTS--GENERAL INFORMATION | |
| fixed length control field | 110413t xxu||||| |||| 00| 0 eng d |
| 020 ## - NUMERO INTERNATIONAL NORMALISE DES LIVRES | |
| International Standard Book Number | 2-10-002656-9 |
| 040 ## - SOURCE DU CATALOGAGE | |
| Original cataloging agency | BUAC |
| Language of cataloging | Fre |
| Transcribing agency | BUDOC |
| 041 ## - CODE DE LANGUE | |
| Language code of text/sound track or separate title | Fre |
| 100 ## - VEDETTE PRINCIPALE - NOM DE PERSONNE | |
| Personal name | QUIVY, Raymond |
| 9 (RLIN) | 16223 |
| 130 ## - VEDETTE PRINCIPALE - TITRE UNIFORME | |
| Language of a work | FR |
| 9 (RLIN) | 16225 |
| 245 ## - TITLE STATEMENT | |
| Title | Manuel de recherche en sciences sociales |
| Statement of responsibility, etc | /raymond Quivy, Luc Van Campenhoudt |
| 250 ## - EDITION STATEMENT | |
| Edition statement | 2e éd. |
| Remainder of edition statement | entièrement rev. et augm. |
| 260 ## - PUBLICATION, DISTRIBUTION, ETC. (IMPRINT) | |
| Place of publication, distribution, etc | Paris |
| Name of publisher, distributor, etc | Dunod |
| Date of publication, distribution, etc | 1995 |
| 300 ## - PHYSICAL DESCRIPTION | |
| Extent | xii-287 p. |
| Dimensions | 22 cm. |
| 440 ## - SERIES STATEMENT/ADDED ENTRY--TITLE | |
| Title | (Psycho sup |
| International Standard Serial Number | 0080-7648) |
| 9 (RLIN) | 16227 |
| 630 ## - SUBJECT ADDED ENTRY--UNIFORM TITLE | |
| Uniform title | SCIENCES SOCIALES |
| 9 (RLIN) | 16234 |
| 650 ## - SUBJECT ADDED ENTRY--TOPICAL TERM | |
| Topical term or geographic name as entry element | Recherche : sociologie |
| 9 (RLIN) | 16231 |
| 700 1# - ADDED ENTRY--PERSONAL NAME | |
| Personal name | VAN CAMPENHOUDT, Luc |
| 9 (RLIN) | 16233 |
| 942 ## - ADDED ENTRY ELEMENTS (KOHA) | |
| Koha item type | Livre |
| Withdrawn status | Lost status | Damaged status | Not for loan | Location (home branch) | Sublocation or collection (holding branch) | Date acquired | Koha issues (times borrowed) | Koha full call number | Koha date last seen | Copy number | Price effective from | Koha item type | Public note | Source of acquisition | Piece designation (barcode) |
|---|---|---|---|---|---|---|---|---|---|---|---|---|---|---|---|
| Bibliothèque Universitaire Centrale | Bibliothèque Universitaire Centrale | 303 QUI | 13/04/2011 | 1 | 13/04/2011 | Livre | WVSC | 11370Buc | |||||||
| Bibliothèque Universitaire Centrale | Bibliothèque Universitaire Centrale | 303 QUI | 13/04/2011 | 2 | 13/04/2011 | Livre | Achat | 11573Buc | |||||||
| Bibliothèque Universitaire Centrale | Bibliothèque Universitaire Centrale | 303 QUI | 13/04/2011 | 3 | 13/04/2011 | Livre | CIUF | 03-367Buc | |||||||
| Bibliothèque Universitaire Centrale | Bibliothèque Universitaire Centrale | 303 QUI | 14/04/2011 | 4 | 14/04/2011 | Livre | Achat | 14935Buc | |||||||
| Bibliothèque Universitaire Centrale | Bibliothèque Universitaire Centrale | 303 QUI | 20/04/2011 | 5 | 20/04/2011 | Livre | CIUF | 03-366Buc | |||||||
| Bibliothèque de l'Ecole Nationale d'Economie Appliquée et de Management | Bibliothèque de l'Ecole Nationale d'Economie Appliquée et de Management | 30(035) QUI | 20/04/2011 | 1 | 20/04/2011 | Livre | Achat | ||||||||
| Bibliothèque-Centre de Documentation de la Faculté des Sciences Agronomiques | Bibliothèque-Centre de Documentation de la Faculté des Sciences Agronomiques | esr.1995.072 | 28/02/2009 | 1 | 28/02/2009 | Livre | A.8301 |